| 000 | 01044nam a22001937a 4500 | ||
|---|---|---|---|
| 005 | 20210325191418.0 | ||
| 008 | th tha d | ||
| 041 | _atha | ||
| 090 | _aว HE3928.55.Z95N63 ส355ท | ||
| 100 | 0 | _aสราวุธ ธรรมศิริ | |
| 245 | 1 | 0 | _aทางรถไฟสายใหม่เพื่อการพัฒนาพื้นที่ภาคตะวันออกเฉียงเหนือ (ศึกษาเฉพาะพื้นที่ภาคตะวันออกเฉียงเหนือตอนกลาง) |
| 260 | 3 |
_aม.ป.ท. : _bวิทยาลัยป้องกันราชอาณาจักร, _cม.ป.ป. |
|
| 300 |
_a102 หน้า : _b ตาราง, แผนภาพ ; _c 29 ซม. |
||
| 650 | 0 | 4 | _aรถไฟ -- ไทย (ภาคตะวันออกเฉียงเหนือ) -- วิจัย |
| 850 | _aNALT | ||
| 942 | _cRSH | ||
| 997 |
_c000000000028362 _kVC |
||
| 998 | _aNarumon Suwan | ||
| 999 |
_c28362 _d28362 |
||